000 01072nam a22002777a 4500
003 UPN
005 20240924064106.0
008 240425s1931 sp ao||gr|||| 001 0 spa d
040 _aMX-MxUPN
_bspa
_cMX-MxUPN
041 _aspa
050 4 _aLB1026
_bM33 1931
100 1 _930212
_aMallart y Cutó, José,
_d1897-1989
245 1 3 _aLa educación activa
250 _aTercera edición
260 _aBarcelona ;
_aBuenos aires :
_bEditorial Labor,
_c1931.
300 _a212, xii páginas :
_b[1] hoja plegable, ilustraciones, fotografías
490 0 _aColección labor. Biblioteca de iniciación cultural. Educación ;
_vno.37
504 _aIncluye índices y bibliografía.
650 4 _aEducación
_xInvestigación
_94070
650 4 _95868
_aEducación
_xMétodos experimentales
710 1 _951349
_aMéxico.
_bSecretaría de Educación Pública.
_bBiblioteca Pública
_epropietario anterior
710 2 _951335
_aMuseo Pedagógico Nacional (México)
_epropietario anterior
775 0 _tLa eduación activa
902 _bMaríaRobles/250424
942 _2lcc
_cLIBRO
_n0
999 _c211151
_d211151